000 00254nam a22001217a 4500
008 181224b xxu||||| |||| 00| 0 eng d
041 _aeng
080 _a531
100 _a42
101 _afiz
245 _aModern Physics
_cWiliams,T
942 _2udc
_cBK
999 _c53705
_d53705